| 000 | 00423nam a2200133Ia 4500 | ||
|---|---|---|---|
| 999 |
_c3331 _d3331 |
||
| 008 | 200103s 2002 ||||xx |||||||||||||| ||und|| | ||
| 020 | _a9280151177 | ||
| 082 |
_a348.023 _bIMO |
||
| 100 | _aIMO | ||
| 245 | 0 | _aCode on intact stability for all types of ships covered by IMO instruments : resolution A.749(18) as amended by resolution MSC. 75(69) | |
| 260 |
_bIMO _c2002 _aLondon |
||
| 300 | _avi, 116p. | ||
| 942 | _cBK | ||